Las metástasis del goce : Seis ensayos sobre la mujer y la causalidad /

La guerra en la ex Yugoslavia y el surgimiento de una violencia "irracional" del capitalismo tardío constituyen el contexto político y teórico del nuevo libro de Slavoj Zizek, quien desde la perspectiva del psicoanálisis lacaniano propone una renovación de la teoría marxista de la ideología. En la p...

Descripción completa

Detalles Bibliográficos
Autor principal: Zizek, Slavoj
Formato: Libro
Lenguaje:español
Publicado: Buenos Aires Paidós 2005
Colección:Espacios del saber 29
Materias:
Acceso en línea:

MARC

LEADER 00000cam a2200000 a 4500
001 020750
003 UAHC_CL
005 20170803121919.0
008 061103b2005 ag 000 spa
020 |a 9501265293 
040 |a UAHC_CL  |c UAHC_CL  |d UAHC_CL 
100 1 |a Zizek, Slavoj 
245 1 4 |a Las metástasis del goce :  |b Seis ensayos sobre la mujer y la causalidad /  |c Slavoj Zizek; traducción de Patricia Willson. 
260 |b Paidós  |a Buenos Aires  |c 2005 
300 |a 327 p. 
490 0 |a Espacios del saber  |v 29 
520 |a La guerra en la ex Yugoslavia y el surgimiento de una violencia "irracional" del capitalismo tardío constituyen el contexto político y teórico del nuevo libro de Slavoj Zizek, quien desde la perspectiva del psicoanálisis lacaniano propone una renovación de la teoría marxista de la ideología. En la primera parte, el libro analiza el papel que desempeña la violencia en esta fase del capitalismo. Desarrolla el concepto de "desublimación represiva" y examina cómo funciona hoy el concepto de superyó en los mecanismos ideológicos: en la escisión del dominio de la ley entre la ley pública, escrita, y su reverso obsceno; en la violencia excesiva e irracional que denuncia un plus de goce insoportable encarnado en el Otro; en la economía libidinal de la violación como instrumento militar en la guerra de Bosnia. En la segunda parte, Zizek rastrea las vicisitudes de la figura de la mujer en el arte moderno y en la ideología, rescatando a ciertos autores generalmente olvidados por su pensamiento reaccionario, como Otto Weininger. Demuestra cómo la lógica del amor cortés continúa estructurando la matriz fantasmática de las relaciones entre los sexos, e ilustra sus argumentos -como ya es habitual en el autor- con ejemplos extraídos del cine actual. Las dos partes del libro están unidas por el concepto elusivo de goce y de sus "metástasis" en los ámbitos de la política y la cultura, lo cual nos recuerda las dos superficies de la cinta de Moebius: si avanzamos lo suficiente en una de ellas, súbitamente nos hallamos en su reverso. El análisis de Zizek de la ideología nos lleva a advertir el vínculo entre violencia y goce femenino, y abre así un espacio para un debate rico en torno a las relaciones de poder. 
650 4 |a VIOLENCIA POLITICA 
650 4 |a MUJERES Y GUERRA 
650 4 |a PSICOANALISIS 
653 |a CIENCIAS POLITICAS 
900 |a 808.84 ZIZ 
942 |c BK 
952 |0 0  |1 0  |4 0  |6 808_840000000000000_ZIZ  |7 0  |8 General  |9 41466  |a BC  |b BC  |c General  |d 2017-08-03  |l 0  |o 808.84 ZIZ  |p 1356145  |r 2017-08-03 00:00:00  |t 1  |w 2017-08-03  |y BK 
999 |c 20750  |d 20750